The Smiths - The Queen is Dead Album Tracklist - Statistics

General Stats
  • This quiz has been taken 63 times
  • The average score is 7 of 10
Answer Stats
Answer % Correct
The Queen is Dead
92%
Bigmouth Strikes Again
86%
There Is a Light That Never Goes Out
86%
I Know Its Over
78%
Frankly Mr Shankly
69%
Vicar in a Tutu
65%
Cemetry Gates
61%
Some Girls Are Bigger Than Others
61%
The Boy with the Thorn in His Side
55%
Never Had No One Ever
49%
No matching quizzes found
Score Distribution
Percent of People with Each Score
Percentile by Number Answered
Your Score History
You have not taken this quiz